000 00883nam a2200229 i 4500
001 bg
100 1 _aREZMER, Zdzisław
245 1 0 _aPlanowanie rozwoju zagospodarowania gmin wiejskich /
_cZdzisław Rezmer ; współpr. Krystyna Makowska, Ewa Szymkiewicz ; Instytut Gospodarki Przestrzennej i Komunalnej.
260 _aWarszawa :
_bIGPiK,
_c1990.
300 _a63, [15] s., [1 k. tabl.] :
_brys. ;
_c24 cm.
500 _aResortowy Program Badawczo-Rozwojowy 515 "Miejscowe planowanie przestrzenne" z. 2.
650 9 _aPlanowanie przestrzenne
_xmetody
_zPolska
650 9 _aWieś
_xplanowanie przestrzenne
_zPolska
700 1 _aMAKOWSKA, Krystyna.
700 1 _aSZYMKIEWICZ, Ewa.
710 0 _aInstytut Gospodarki Przestrzennej i Komunalnej (Warszawa)
040 _cBPK
041 0 _apl
080 _a711.3(438)
942 _cKS
008 s pl f |000 0 pol
999 _c34155
_d34155
856 _uhttp://koha.tu.koszalin.pl/cgi-bin/koha/opac-detail.pl?biblionumber=34155
_yKatalog online BPK